Chaîne de mots de 4 lettres - Géographie - Statistiques

Statistiques générales
  • Ce quiz a été pris 52 002 fois
  • Le résultat moyen est 16 sur 26
Statistiques - réponses
Indice Réponse % Correct
Capitale du Pérou Lima
92%
Préfixe à -pellier ou -élimar Mont
83%
Ville de Brice Nice
83%
Transport en commun urbain Tram
80%
Contraire de l'amont Aval
79%
Volcan sicilien Etna
77%
Monnaie unique Euro
76%
En haut des cartes Nord
74%
Voisin du Yemen Oman
73%
Plus grande île des Caraïbes Cuba
68%
Oiseau disparu de l'île Maurice Dodo
67%
Titre du chef du Qatar Émir
67%
Ville éternelle Rome
65%
Pays d'Indochine Laos
63%
Ville française connue pour ses pruneaux Agen
61%
Côte touristique de Provence Azur
59%
Lac écossais Loch
59%
Place de Venise: Saint __ Marc
55%
Département n°10 Aube
51%
Département de Beauvais et Compiègne Oise
48%
Île prison de Napoléon Elbe
46%
Ancien nom de la Thaïlande Siam
40%
Monnaie brésilienne Réal
39%
Île indonésienne Java
37%
Grand lac d'Amérique du Nord Erié
23%
Pèlerinage vers La Mecque Hajj
22%
Aucun quiz correspondant
Distribution des résultats
% des personnes avec chaque résultat
Percentile par nombre de réponses
Votre historique - résultats
Vous n’avez pas pris ce quiz